Megilat ha-serakhim. (Record no. 31424)
[ view plain ]
| 000 -LEADER | |
|---|---|
| fixed length control field | 00832cam a22002531 4500 |
| 001 - CONTROL NUMBER | |
| control field | he 65001576 |
| 003 - CONTROL NUMBER IDENTIFIER | |
| control field | DLC |
| 005 - DATE AND TIME OF LATEST TRANSACTION | |
| control field | 20260227111434.0 |
| 008 - FIXED-LENGTH DATA ELEMENTS--GENERAL INFORMATION | |
| fixed length control field | 830119s1965 is b 001 0 hebr |
| 010 ## - LIBRARY OF CONGRESS CONTROL NUMBER | |
| LC control number | he 65001576 |
| 035 ## - SYSTEM CONTROL NUMBER | |
| System control number | (OCoLC)9143081 |
| 040 ## - CATALOGING SOURCE | |
| Original cataloging agency | DLC |
| Transcribing agency | ODaU |
| Modifying agency | OCoLC |
| -- | DLC |
| 042 ## - AUTHENTICATION CODE | |
| Authentication code | premarc |
| 050 00 - LIBRARY OF CONGRESS CALL NUMBER | |
| Classification number | BM488.M3 |
| Item number | A2 1965 |
| 130 0# - MAIN ENTRY--UNIFORM TITLE | |
| Uniform title | Manual of discipline. |
| 245 10 - TITLE STATEMENT | |
| Title | Megilat ha-serakhim. |
| 260 ## - PUBLICATION, DISTRIBUTION, ETC. | |
| Place of publication, distribution, etc. | Yerushalaym : |
| Name of publisher, distributor, etc. | Mussaad Bialik, |
| Date of publication, distribution, etc. | 5725 [i.e. 1965] |
| 300 ## - PHYSICAL DESCRIPTION | |
| Extent | 12, 316, xi p. ; |
| Dimensions | 25 cm. |
| 500 ## - GENERAL NOTE | |
| General note | Added t.p.: The Rule scroll; a scroll from the wilderness of Judaea 1QS, 1QSa, 1QSb. Text, introduction and commentary by Jacob Licht. |
| 500 ## - GENERAL NOTE | |
| General note | Includes index. |
| 500 ## - GENERAL NOTE | |
| General note | Table of contents in Hebrew and English. |
| 504 ## - BIBLIOGRAPHY, ETC. NOTE | |
| Bibliography, etc. note | Bibliography: p. 307-311. |
| 700 1# - ADDED ENTRY--PERSONAL NAME | |
| Personal name | Licht, Jacob, |
| Relator term | ed. |
No items available.